| 000 | 00906nam a22002535i 4500 | ||
|---|---|---|---|
| 001 | 166123 | ||
| 003 | ES-MaACL | ||
| 005 | 20260306063016.0 | ||
| 008 | 050908s1872 gw | |||||||| ||eng d | ||
| 040 |
_aCAM _bspa _cCAM |
||
| 100 | 1 |
_aTennyson, Alfred Tennyson, _cBaron, _d1809-1892 _9162209 |
|
| 245 | 1 | 0 |
_aGareth and Lynette _b: ; The last tournament / _cAlfred Tennyson. |
| 260 |
_aLeipzig : _bBernhard Tauchnitz, _c1872. |
||
| 300 |
_a192 p. ; _c16 cm. |
||
| 490 | 1 | _aCollection of british authors | |
| 490 | 1 |
_aThe poetical works of Alfred Tennyson ; _v7 |
|
| 650 | 4 |
_916190 _aPoesÃa inglesa- _yS.XIX |
|
| 700 | 1 |
_aTauchnitz, Alfred, _9133144 |
|
| 830 | 0 |
_aCollection of british authors _9180703 |
|
| 830 | 0 |
_aThe poetical works of Alfred Tennyson ; _v7 _9188594 |
|
| 852 |
_aES-MaACL _jG-12846(2) _z-- Enc. hol. _q-- Falto de antep. |
||
| 942 | _2udc | ||
| 999 |
_c166123 _d166123 |
||